000 00442cam a2200145 4500500
005 20251012053039.0
041 _afre
042 _adc
100 1 0 _aBozzetto, Roger
_eauthor
245 0 0 _aLes intellectuels devant l’Histoire
260 _c2016.
500 _a90
786 0 _nOtrante | º40 | 2 | 2016-11-01 | p. 131-143 | 1148-0904
856 4 1 _uhttps://shs.cairn.info/revue-otrante1-2016-2-page-131?lang=fr&redirect-ssocas=7080
999 _c1549964
_d1549964